000 00373nam a2200133Ia 4500
008 231129s9999||||xx |||||||||||||| ||spa||
020 _a84-01-43504-8
040 _bspa
082 _a813 S631o
100 _aSlaughter Frank G.
245 0 _aEl oro de los apalaches
264 _aBarcelona EspaƱa : Ediciones G.P
942 _2ddc
_cBKS
999 _c11942
_d11942